000 00435nam a2200169Ia 4500
008 180921t1981 xxu||||| |||| 00| 0 eng d
041 _aeng
080 _a616.31
_bSAP
100 _aSaparamadu, K.D.G.
245 _aBasic facts on oral health
260 _bHealth eduction bureau
_c1981
300 _a32p., 21 cm
650 _aDental health
_aDentistry
942 _cBK
999 _c15952
_d15952
003 LK-CoDNM
040 _aLK-CoDNM
_dLK-CoDNM
_eLK-CoDNM